|
|
|
|
| LEADER |
01369ppm a22002658a 4500 |
| 001 |
00044634 |
| 005 |
20190821150813.0 |
| 008 |
170215s2015 ||||||Viesd |
| 041 |
0 |
# |
|a Vie
|
| 082 |
1 |
4 |
|b GI108D
|a 372.6
|
| 100 |
1 |
# |
|a Huỳnh, Thị Tuyết Nhi
|e Chủ nhiệm đề tài
|
| 245 |
1 |
0 |
|b Báo cáo tổng kết đề tài nghiên cứu khoa học của sinh viên năm học 2018 -2019 Mã số SPD2018.02.29
|c Huỳnh Thị Tuyết Nhi(chủ nhiệm đề tài); Huỳnh Kim Tường Vy (hướng dẫn)
|a Giáo dục văn hóa giao tiếp cho học sinh tiểu học thông qua ngữ liệu thành ngữ, tục ngữ
|
| 260 |
# |
# |
|b Trường Đại học Đồng Tháp
|c 2019
|a Đồng Tháp
|
| 300 |
# |
# |
|a 81 tr. +phụ lục
|c 30 cm.
|e 1 bản tóm tắt
|
| 500 |
# |
# |
|a ĐTTS ghi: Bộ Giáo dục và Đào tạo. Trường Đại học Đồng Tháp
|
| 653 |
# |
# |
|a Giao tiếp
|
| 653 |
# |
# |
|a giáo dục
|
| 653 |
# |
# |
|a Tục ngữ
|
| 653 |
# |
# |
|a Tiếng việt
|
| 653 |
# |
# |
|a Nghiên cứu khoa học
|
| 700 |
1 |
# |
|e Hướng dẫn
|a Huỳnh, Kim Tường Vy
|
| 700 |
1 |
# |
|a Đỗ, Thị Minh Thơ
|e Tham gia thực hiện
|
| 852 |
# |
# |
|j KH.0000157
|
| 910 |
# |
# |
|d 19/06/2018
|
| 980 |
# |
# |
|a Trung tâm Học liệu Lê Vũ Hùng, Trường Đại học Đồng Tháp
|